Propuesta de mejora del Proceso de Importación de Productos Eléctricos de baja tensión en Nicaragua
El objetivo de este trabajo es evaluar los problemas de los parámetros eléctricos : transitorios, regulación de voltaje, consumo, factor de potencia, balanceo de fases, revisión del sistema de tierras y fluctuaciones dinámicas de voltaje, en la CEDI de Walmart , al mismo tiempo, poder determi...
| Main Authors: | , |
|---|---|
| Other Authors: | |
| Format: | Tesis Section = Libro |
| Language: | Undetermined Spanish |
| Published: |
Managua
UNI
2021
|
| Subjects: |
| LEADER | 01397nam a2200277Ia 4500 | ||
|---|---|---|---|
| 008 | 240830s9999 xx 000 0 und d | ||
| 040 | |a BIBLIOTECA-RUSB/ Mon 621.3211 R457 | ||
| 041 | |a spa | ||
| 082 | |a Mon 621.3211 R457 | ||
| 100 | 1 | |a Reyes Valerio, Ronaldo Efrén | |
| 100 | 1 | |b Ruiz Gutiérrez, Edwin Alfonso | |
| 245 | 1 | 0 | |a Propuesta de mejora del Proceso de Importación de Productos Eléctricos de baja tensión en Nicaragua |
| 260 | |a Managua |b UNI |c 2021 | ||
| 300 | |a 46 p. :il. | ||
| 500 | |a Contiene: anexos y CD. | ||
| 502 | |a Tesis (Ingeniero Eléctrico) - UNI, 2021. | ||
| 520 | 3 | |a El objetivo de este trabajo es evaluar los problemas de los parámetros eléctricos : transitorios, regulación de voltaje, consumo, factor de potencia, balanceo de fases, revisión del sistema de tierras y fluctuaciones dinámicas de voltaje, en la CEDI de Walmart , al mismo tiempo, poder determinar la afectación que tiene sobre el sistema y equipos finales y verificar que cumplan con la norma provisional "perturbaciones permisibles en la forma de onda de tensión y corriente del suministro de energía eléctrica. | |
| 650 | 7 | |a CALIDAD DE ENERGIA | |
| 650 | 7 | |b EFICIENCIA ENERGETICA | |
| 650 | 7 | |c SISTEMA ELECTRICO | |
| 650 | 7 | |d SUMINISTRO ELECTRICO | |
| 650 | 7 | |e VOLTAJE | |
| 700 | 1 | |a Tutor: |b González Mena, Juan | |
| 942 | |c BK |2 ddc | ||
| 991 | |a TESIS | ||
| 999 | |c 27067 | ||